00712nam a2200217Ia 450000500170000000800410001702000200005804100080007808200130008610000190009924500820011826000380020030000090023850000170024765000160026470000190028090600110029994200070031099900170031795201600033420230401141158.0230125s9999 xx 000 0 und d a978-81-321-1343 aeng a330bKAU aKaul V9114200 aEasy Money Evolution of the Global Financial System to the Great Bubble Burst c2014bSage publicationaNew Delhi a325p aEconomics  aEconomics  aKaul V9114200 b106.25 cBK c94040d94040 00104070aHIMRbHIMRd2016-03-04ePritam Book Centreg425.00i9831l0o330 KAU B14110pHIMR-BK-14110r2023-01-25 00:00:00v318.75w2016-03-04yBKzB14110